000 00839cam a2200253 i 4500
999 _c23250
_d23250
001 23250
003 Mx-PuUPA
005 20210118140344.0
008 140415s1970 ve r 000 0 spa d
040 _aMX-PuUPA
_bspa
_erda
_cMx-PuUPA
_dMx-PuUPA
041 0 _aspa
100 1 _aDonno, Olindo del,
_d1912-2009,
_eautor
_95877
245 1 0 _aDon Bosco :
_beducador por vocación /
_cOlindo del Donno ; edición cuidada por Bárbara Mastella.
250 _a2a. edición
264 1 _aVaracas :
_bLibreria Editorial Selesiana,
_c1970
300 _a267 páginas ;
_c23 cm.
336 _atexto
_2rdacontent
_btxt
337 _asin medio
_2rdamedia
_bn
338 _avolumen
_2rdacarrier
_bnc
650 4 _aPedagogía
700 1 _aMastella, Bárbara,
_eeditor
942 _2ddc
_cLI
_h371.3
_iD6745